| 000 | 00404nam a22001697a 4500 | ||
|---|---|---|---|
| 999 |
_c6115 _d6113 |
||
| 005 | 20210902152034.0 | ||
| 008 | 200316b xxu||||| |||| 00| 0 eng d | ||
| 020 | _a9788123903392 | ||
| 041 | _aeng | ||
| 100 |
_aGUPTA, A.K _95285 |
||
| 245 | _aINTRODUCTION TO PHARMACEUTICS-II | ||
| 250 | _a4th , 2000 | ||
| 260 |
_aNEW DELHI _bCBS _c2019 |
||
| 300 | _a295;p | ||
| 650 |
_aPHARMACY _96855 |
||
| 942 | _cBK | ||